000 00212nam a2200097Ia 4500
008 240331s9999 xx 000 0 und d
082 _bGOO
100 _aGoonasekara,S
245 0 _aWalking to Kataragama
942 _cL
999 _c4985
_d4985